Reliez les acteurs de Twilight à leur personnage - Statistiques

Statistiques générales
  • Ce quiz a été pris 1 434 fois
  • Le résultat moyen est 8 sur 12
Statistiques - réponses
Hint Réponse % Correct
Edward Cullen Robert Pattinson
90%
Bella Swan Kristen Stewart
88%
Jacob Black Taylor Lautner
88%
Alice Cullen Ashley Greene
75%
Rosalie Hale Nikki Reed
66%
Esmée Cullen Elizabeth Reaser
58%
Charlie Swan Billy Burke
56%
Jane Dakota Fanning
56%
Jasper Hale Jackson Rathbone
56%
Carlisle Cullen Peter Facinelli
53%
Aro Michael Sheen
45%
Emmett Cullen Kellan Lutz
43%
Aucun quiz correspondant
Distribution des résultats
% des personnes avec chaque résultat
Percentile par nombre de réponses
Votre historique - résultats
Vous n’avez pas pris ce quiz